000 00660cam a2200229 4500500
005 20260405003817.0
041 _afre
042 _adc
100 1 0 _aLegros, Martin
_eauthor
245 0 0 _aNathalie Cabrol sur la piste des étoiles
260 _c2023.
500 _a51
690 _aAstrophysique
690 _aEspace
690 _aÉtoiles
690 _aExoplanètes
690 _aMartin Legros
690 _aTélescope
690 _aVivant
786 0 _nPhilosophie magazine | 175 | 12 | 2023-12-01 | p. 46-46 | 1951-1787
856 4 1 _uhttps://shs.cairn.info/magazine-philosophie-magazine-2023-12-1-page-46?lang=fr&redirect-ssocas=7080
999 _c2071038
_d2071038